000 00312nam a2200133Ia 4500
008 230312s9999||||xx |||||||||||||| ||und||
082 _a612
_bBAS
100 _aKatzung,Bertram.G
245 0 _aBasic and Clinical Pharmacology
300 _a1218
546 _aEng.
650 _aMedical
_vPharmacology
942 _cBK
999 _c4456
_d4456